[Event "Wch FIDE Online U10 America qual"]
[Site "Tornelo INT"]
[Date "2020.12.04"]
[Round "7"]
[White "Rao, Anjaneya"]
[Black "Woodward, Andy"]
[Result "0-1"]
[WhiteElo "1610"]
[BlackElo "1856"]
[PlyCount "54"]
[EventDate "2020.12.01"]
[EventType "swiss (rapid)"]
[EventRounds "7"]
[EventCountry "ISS"]
[SourceTitle "EXT 2022"]
[Source "ChessBase"]
[SourceDate "2021.10.06"]
[SourceVersion "1"]
[SourceVersionDate "2021.10.06"]
[SourceQuality "1"]

1. e4 c5 2. Nf3 d6 3. d4 cxd4 4. Nxd4 Nf6 5. Nc3 a6 6. f3 e5 7. Nb3 Be6 8. Be3 h5 9. Qd2 Be7 10. Be2 Nbd7 11. 0-0-0 Rc8 12. f4 b5 13. f5 Bc4 14. Bf3 a5 15. Kb1 b4 16. Ne2 Qc7 17. Rc1 d5 18. exd5 e4 19. Bf4 Bd6 20. Bxd6 Qxd6 21. Qe3 0-0 22. Bxe4 Rfe8 23. Nd2 Bxe2 24. Qxe2 Nc5 25. Nc4 Qa6 26. Qf3 Ncxe4 27. Ne3 Nd2+ 0-1

[Event "PNWCC Online Masters"]
[Site "Chess.com INT"]
[Date "2020.05.24"]
[Round "6.35"]
[White "Park, Evan"]
[Black "Rao, Anjaneya"]
[Result "1-0"]
[WhiteElo "2146"]
[BlackElo "1814"]
[PlyCount "75"]
[EventDate "2020.05.23"]
[EventType "swiss (rapid)"]
[EventRounds "9"]
[EventCountry "USA"]
[SourceTitle "CBM 196 Extra"]
[Source "ChessBase"]
[SourceDate "2020.07.31"]
[SourceVersion "1"]
[SourceVersionDate "2020.07.31"]
[SourceQuality "1"]

1. e4 c5 2. Nf3 d6 3. d4 cxd4 4. Nxd4 Nf6 5. Nc3 g6 6. Be3 Bg7 7. f3 0-0 8. g4 Nc6 9. Qd2 Bd7 10. h4 h5 11. g5 Ne8 12. 0-0-0 Rc8 13. Kb1 Ne5 14. Be2 Nc4 15. Bxc4 Rxc4 16. Nde2 b5 17. Bd4 Rxd4 18. Nxd4 Nc7 19. f4 Qa8 20. Nb3 Bc6 21. Rhe1 a5 22. Nd5 Bxd5 23. exd5 a4 24. Nc1 Re8 25. a3 Na6 26. Na2 b4 27. axb4 Qa7 28. Re3 Rb8 29. c3 a3 30. b3 Nc5 31. bxc5 Rxb3+ 32. Ka1 Rb2 33. Qd3 Qb7 34. Qc4 dxc5 35. Red3 Rc2 36. Rb1 Rb2 37. Rdd1 Qb6 38. Qa4 1-0

[Event "PNWCC Online Masters"]
[Site "Chess.com INT"]
[Date "2020.05.24"]
[Round "5.39"]
[White "Rao, Anjaneya"]
[Black "Zhang, Samuel1111"]
[Result "0-1"]
[WhiteElo "1814"]
[BlackElo "2033"]
[PlyCount "66"]
[EventDate "2020.05.23"]
[EventType "swiss (rapid)"]
[EventRounds "9"]
[EventCountry "USA"]
[SourceTitle "CBM 196 Extra"]
[Source "ChessBase"]
[SourceDate "2020.07.31"]
[SourceVersion "1"]
[SourceVersionDate "2020.07.31"]
[SourceQuality "1"]

1. e4 c5 2. Nf3 d6 3. d4 cxd4 4. Nxd4 Nf6 5. Nc3 a6 6. f3 e5 7. Nb3 Be7 8. Be3 Be6 9. Qd2 0-0 10. 0-0-0 a5 11. Kb1 a4 12. Nc1 a3 13. b3 Na6 14. Bxa6 Rxa6 15. g4 Rc6 16. N1e2 Qb8 17. h4 Rfc8 18. Rc1 d5 19. Nxd5 Nxd5 20. exd5 Rd6 21. h5 Rxd5 22. Qe1 e4 23. Bf4 Bd6 24. fxe4 Rdc5 25. Qg3 Bxf4 26. Qxf4 Qxf4 27. Nxf4 Bxg4 28. Nd5 Re8 29. Rhg1 Rxe4 30. Rce1 Rxe1+ 31. Rxe1 h6 32. Re5 Kf8 33. b4 f6 0-1